Hodnotenie hospodárskej činnosti štátneho podniku Pozemné stavby Košice za roky 1986-1989 a perspektívy jeho rozvoja záverečná práca postgraduálneho štúdia

Na minha lista:
Detalhes bibliográficos
Autor principal: Lehocká, Gabriela
Autor Corporativo: Vysoká škola ekonomická v Bratislave
Outros Autores: Nagy, Ľudovít
Formato: Livro
Idioma:eslovaco
Publicado em: Bratislava 1990
Tags: Adicionar Tag
Sem tags, seja o primeiro a adicionar uma tag!

MARC

LEADER 00000nam a2200000 4500
001 c032148
005 20221215070634.7
041 0 |a slo 
044 |a SK 
245 1 0 |a Hodnotenie hospodárskej činnosti štátneho podniku Pozemné stavby Košice za roky 1986-1989 a perspektívy jeho rozvoja  |b záverečná práca postgraduálneho štúdia  |c Gabriela Lehocká ; Ved. práce Ľudovít Nagy 
264 1 |a Bratislava  |c 1990 
300 |a 50 s. 
100 1 |a Lehocká, Gabriela 
700 1 |a Nagy, Ľudovít 
710 2 |a Vysoká škola ekonomická v Bratislave